Writing Essays at University / A Guide for Students by Students (Record no. 6331)
[ view plain ]
| 000 -LEADER | |
|---|---|
| fixed length control field | 01569cam a22002294a 4500 |
| 005 - ΗΜΕΡΟΜΗΝΙΑ ΚΑΙ ΩΡΑ ΤΕΛΕΥΤΑΙΑΣ ΕΝΗΜΕΡΩΣΗΣ | |
| Πεδίο ελέγχου | 20250605164239.0 |
| 008 - FIXED-LENGTH DATA ELEMENTS--GENERAL INFORMATION | |
| Πεδίο ελέγχου σταθερού μήκους | 250528s ||||||||||||||||||||||||d |
| 035 ## - SYSTEM CONTROL NUMBER | |
| System control number | 21265 |
| 020 ## - ISBN | |
| ISBN | 9780956069504 |
| 040 ## - ΠΗΓΗ ΚΑΤΑΛΟΓΟΓΡΑΦΗΣΗΣ | |
| Φορέας πρωτότυπης καταλογογράφησης | MC Athens Campus Library |
| Γλώσσα καταλογογράφησης | Ελληνικά, Μοντέρνα (1453-) |
| Modifying agency | MC Athens Campus Library |
| Κανόνες περιγραφικής καταλογογράφησης | AACR2 |
| 245 1# - ΤΙΤΛΟΣ ΚΑΙ ΔΗΛΩΣΗ ΥΠΕΥΘΥΝΟΤΗΤΑΣ | |
| Τίτλος | Writing Essays at University / A Guide for Students by Students |
| 260 ## - PUBLICATION, DISTRIBUTION, ETC. | |
| Name of publisher, distributor, etc. | Write Now Centre For Excellence In Teaching & Lear, |
| Date of publication, distribution, etc. | 2009 |
| 300 ## - PHYSICAL DESCRIPTION | |
| Extent | 130 |
| 505 0# - FORMATTED CONTENTS NOTE | |
| Formatted contents note | Writing Essays and Other Assignments at University: What You Need to Know, How Assessment Aware Are You?, The Assessment System: How It Works and How You Can Make It Work For You, Assessment Criteria and the Marking Process, Addressing (Answering) the Question, Structuring the Answer, Demonstrating Understanding, Developing Argument, Use of Evidence, Evaluation, Writing Exam Essays, Students With Special Needs, Quiz Answers, References, Further Resources, Acknowledgements. |
| 520 ## - SUMMARY, ETC. | |
| Summary, etc. | Writing Essays and Other Assignments at University: What You Need to Know, How Assessment Aware Are You?, The Assessment System: How It Works and How You Can Make It Work For You, Assessment Criteria and the Marking Process, Addressing (Answering) the Question, Structuring the Answer, Demonstrating Understanding, Developing Argument, Use of Evidence, Evaluation, Writing Exam Essays, Students With Special Needs, Quiz Answers, References, Further Resources, Acknowledgements. |
| 700 1# - ΠΡΟΣΘΕΤΗ ΑΝΑΓΡΑΦΗ--ΦΥΣΙΚΟ ΠΡΟΣΩΠΟ | |
| Personal name | Harrington Kathy |
| 9 (RLIN) | 7301 |
| 700 1# - ΠΡΟΣΘΕΤΗ ΑΝΑΓΡΑΦΗ--ΦΥΣΙΚΟ ΠΡΟΣΩΠΟ | |
| Personal name | Norton Lin |
| 9 (RLIN) | 7302 |
| 700 1# - ΠΡΟΣΘΕΤΗ ΑΝΑΓΡΑΦΗ--ΦΥΣΙΚΟ ΠΡΟΣΩΠΟ | |
| Personal name | Pitt Ed |
| 9 (RLIN) | 7303 |
| 942 ## - ADDED ENTRY ELEMENTS (KOHA) | |
| Koha item type | Books |
| Τύπος τεκμηρίου | Βιβλιοθήκη | Τρέχουσα τοποθεσία | Barcode | Αριθμός εισαγωγής | Ημερομηνία απόκτησης | Ταξιθετικό σύμβολο | Αριθμός αντιτύπου | Κατάσταση απόσυρσης | Κατάσταση χαμένου | Κατάσταση κατεστραμμένου | Μη δανεισμός | Σύνολο δανεισμών | Ημερομηνία τελευταίας εμφάνισης | Η τιμή ισχύει από |
|---|---|---|---|---|---|---|---|---|---|---|---|---|---|---|
| Books | MC Athens Campus Library | MC Athens Campus Library | 9780000063304 | 5320 | 05/06/2025 | 808.0420711 NOR | 1 | 05/06/2025 | 05/06/2025 |